000 00666nam a2200289Ia 4500
005 20260324135556.0
008 008 260324s9999 xx 000 0 eng d
020 _a9780203992029
037 _aEBOOK
040 _aCRL
040 _beng
040 _cCRL
041 _2eng
041 _aeng
084 _qCRL
100 _aMark G. Brett
_91201111
245 0 _aGenesis
245 0 _bProcreation and the Politics of Identity
260 _bTaylor and Francis
260 _c2000
365 _a
365 _b230
856 _uhttp://www.taylorfrancis.com/books/9780203992029
942 _cEBOOK
999 _c1802340
_d1802340